Histopathologic techniques / (Record no. 118034)
[ view plain ]
| 000 -LEADER | |
|---|---|
| fixed length control field | 00568nam a2200181Ia 4500 |
| 008 - FIXED-LENGTH DATA ELEMENTS--GENERAL INFORMATION | |
| fixed length control field | 140609s9999 xx 000 0 und d |
| 020 ## - INTERNATIONAL STANDARD BOOK NUMBER | |
| International Standard Book Number | 9789711202705 |
| 050 ## - LIBRARY OF CONGRESS CALL NUMBER | |
| Classification number | RC 270.3.H56 |
| Item number | .G861 2006 |
| 100 ## - MAIN ENTRY--PERSONAL NAME | |
| Personal name | Gregorios, Jocelyn H. Bruce- |
| 245 ## - TITLE STATEMENT | |
| Title | Histopathologic techniques / |
| Statement of responsibility, etc | Jocelyn H. Bruce-Gregorios |
| 250 ## - EDITION STATEMENT | |
| Edition statement | 2nd ed. |
| 260 ## - PUBLICATION, DISTRIBUTION, ETC. (IMPRINT) | |
| Place of publication, distribution, etc | Quezon City, Philippines : |
| Name of publisher, distributor, etc | Goodwill Trading, |
| Date of publication, distribution, etc | c2006. |
| 300 ## - PHYSICAL DESCRIPTION | |
| Extent | 356 p. : |
| Other physical details | ill. (some col.) ; |
| Dimensions | 25 cm. |
| 500 ## - GENERAL NOTE | |
| General note | Includes bibliographical references. |
| 521 ## - TARGET AUDIENCE NOTE | |
| Target audience note | |
| 942 ## - ADDED ENTRY ELEMENTS (KOHA) | |
| Call number prefix | Local |
| Koha item type | Books |
| Withdrawn status | Lost status | Source of classification or shelving scheme | Damaged status | Home library | Current library | Shelving location | Date acquired | Source of acquisition | Cost, normal purchase price | Total Checkouts | Total Renewals | Full call number | Barcode | Date last seen | Date checked out | Price effective from | Koha item type |
|---|---|---|---|---|---|---|---|---|---|---|---|---|---|---|---|---|---|
| Lost | Library of Congress Classification | College Library | College Library | Filipiniana Section | 06/09/2014 | Donation | 429.95 | 2 | 12 | RC 270.3.H56 .G861 2006 | C18322 | 07/13/2015 | 07/13/2015 | 06/09/2014 | Books |